Algunas observaciones sobre la cura analítica de las psicosis no desencadenadas (notice n° 1907465)
[ vue normale ]
| 000 -LEADER | |
|---|---|
| fixed length control field | 01782cam a2200157 4500500 |
| 005 - DATE AND TIME OF LATEST TRANSACTION | |
| control field | 20260329020729.0 |
| 041 ## - LANGUAGE CODE | |
| Language code of text/sound track or separate title | fre |
| 042 ## - AUTHENTICATION CODE | |
| Authentication code | dc |
| 100 10 - MAIN ENTRY--PERSONAL NAME | |
| Personal name | Meslem, Magali |
| Relator term | author |
| 245 00 - TITLE STATEMENT | |
| Title | Algunas observaciones sobre la cura analítica de las psicosis no desencadenadas |
| 260 ## - PUBLICATION, DISTRIBUTION, ETC. | |
| Date of publication, distribution, etc. | 2025.<br/> |
| 500 ## - GENERAL NOTE | |
| General note | 8 |
| 520 ## - SUMMARY, ETC. | |
| Summary, etc. | Este artículo se propone examinar la cuestión de la práctica de los psicoanalistas liberales con pacientes que presentan una psicosis no desencadenada. La oferta de tratamiento parece estar sujeta a una restricción, en el sentido de que la cura se limitaría a cuestiones psicoterapéuticas y no se extendería al descubrimiento de un saber inconsciente. ¿Se trata solo de una precaución extrema de los psicoanalistas ante el riesgo de descompensación de los pacientes? ¿Se debe a la dificultad de los clínicos en la identificación de la psicosis no descompensada y, por lo tanto, en el diagnóstico y la conducción de la cura? El uso de una terminología ambigua para denominar la psicosis no descompensada parece confirmarlo. Así, se ha podido calificar de « psicosis blanca », « psicosis fría », « estado límite » o « psicosis ordinaria ». Nos proponemos definir la psicosis no descompensada y abordar el interés clínico que conduce a la identificación estructural a partir de la teoría lacaniana. En esta perspectiva, presentamos una metodología específica para la detección de una psicosis aún no confirmada, el examen de la certeza, así como indicios complementarios y modos de estabilización compensatorios del sujeto. |
| 786 0# - DATA SOURCE ENTRY | |
| Note | Recherches en psychanalyse | 38-39 | 2 | 2025-11-13 | p. 84-97 |
| 856 41 - ELECTRONIC LOCATION AND ACCESS | |
| Uniform Resource Identifier | <a href="https://shs.cairn.info/revista-recherches-en-psychanalyse-2024-2-page-84?lang=es&redirect-ssocas=7080">https://shs.cairn.info/revista-recherches-en-psychanalyse-2024-2-page-84?lang=es&redirect-ssocas=7080</a> |
Pas d'exemplaire disponible.




Réseaux sociaux